| 000 | 00898nam a2200145 a 4500 | ||
|---|---|---|---|
| 001 | 000039585 | ||
| 005 | 20201002033632.0 | ||
| 008 | 130708s2012 dr 000 0 spa d | ||
| 040 |
_aDO-SdBNP _bspa _cBNPHU |
||
| 082 | _axxx | ||
| 245 | 0 | 0 |
_aMetáforas de la decolonialidad : _bLa antología literaria de Proyecto Algarabía y las cincuenta poetas san cristobalenses / _cdirección y compilación Solymar Solá Negrón y Fabian Villegas. |
| 260 |
_a[Santo Domingo] : _bProyecto Algarabía, _c2012. |
||
| 300 | _a22 cm. | ||
| 500 | _aProyecto Algarabía es un proyecto global de pedagogía crítica que provee herramientas sustentables de empoderamiento en comunidades históricamente marginalizadas, a través del uso de la historia oral, el teatro fórum y la creación literaria con el fin de degenerar diálogos intercomunitarios con jovenes de Latinoamérica, el Caribe y su diáspora por el mundo. | ||
| 999 |
_c39075 _d39075 |
||